Action plan and priorities in tourism development (Record no. 24115)

MARC details
000 -LEADER
fixed length control field 00460nam a2200169Ia 4500
008 - FIXED-LENGTH DATA ELEMENTS--GENERAL INFORMATION
fixed length control field 230917s9999||||xx |||||||||||||| ||und||
020 ## - ISBN
Price RS800
040 ## - CATALOGING SOURCE
-- 242359
Original cataloging agency VIVEKANANDA LIBRARY
041 ## - Language
-- English
082 ## - DDC NUMBER
Classification number 338.4791 S73A
100 ## - MAIN ENTRY--PERSONAL NAME
Personal name Sarkar, A K
245 #0 - TITLE STATEMENT
Title Action plan and priorities in tourism development
260 ## - PUBLICATION, DISTRIBUTION, ETC. (IMPRINT)
Place of publication, distribution, etc New Dlehi
Name of publisher, distributor, etc Kanishka
Date of publication, distribution, etc 2010
300 ## - PHYSICAL DESCRIPTION
Pages ix, 332 p.
500 ## - GENERAL NOTE
General note 2885 25/09/2017 HBD17/7055 26/09/2017 IHTM (SFS)
942 ## - ADDED ENTRY ELEMENTS (KOHA)
Koha item type Books
Holdings
Withdrawn status Lost status Damaged status Not for loan Location (home branch) Sublocation or collection (holding branch) Shelving location Date acquired Koha issues (times borrowed) Koha full call number Accession No. Koha date last seen Koha item type
        VIVEKANANDA LIBRARY VIVEKANANDA LIBRARY IHTM Library 03/11/2017   338.4791 S73A 363019 17/09/2023 Books
        VIVEKANANDA LIBRARY VIVEKANANDA LIBRARY IHTM Library 03/11/2017   338.4791 S73A 363020 17/09/2023 Books
        VIVEKANANDA LIBRARY VIVEKANANDA LIBRARY IHTM Library 03/11/2017   338.4791 S73A 363021 17/09/2023 Books
        VIVEKANANDA LIBRARY VIVEKANANDA LIBRARY IHTM Library 03/11/2017   338.4791 S73A 363022 17/09/2023 Books
        VIVEKANANDA LIBRARY VIVEKANANDA LIBRARY IHTM Library 03/11/2017   338.4791 S73A 363023 17/09/2023 Books
© Designed and Maintained by Vivekananda Library, MDU Rohtak